Statistiques concernant Pays que j'ai déjà visités

Cliquez ici pour prendre le quiz!

Statistiques générales

  • Ce quiz a été pris 106 fois
    (17 depuis la dernière actualisation)
  • Le résultat moyen est 13 sur 17

Statistiques - réponses

ContinentRéponse% Correct
EuropeAllemagne
100%
EuropeEspagne
100%
EuropeFrance
94%
EuropeItalie
94%
AfriqueMaroc
94%
EuropePortugal
94%
EuropeRoyaume-Uni
88%
EuropeBelgique
81%
AmériqueBrésil
81%
AfriqueSénégal
81%
EuropePays-Bas
75%
EuropeMalte
69%
EuropePologne
69%
EuropeRépublique Tchèque
63%
EuropeMonaco
56%
AsieThaïlande
50%
AfriqueMali
38%

Distribution des résultats

Percentile par nombre de réponses

% des personnes avec chaque résultat

Votre développement - résultats

Vous n’avez pas pris ce quiz depuis la dernière actualisation